| 000 | 00312nam a2200097Ia 4500 | ||
|---|---|---|---|
| 008 | 220204s9999 xx 000 0 und d | ||
| 082 | _bSAI;1 | ||
| 245 | 0 | _aRisks in agriculture and their coping strategies in SAARC countries | |
| 260 |
_aBangladesh _bSAARC Agricultural Information Centre (SAIC) _c2005 |
||
| 942 | _cBK | ||
| 999 |
_c44246 _d44246 |
||